Educating world citizens for the 21st century /
Aborda el tema de la educación en el siglo XXI. En la primera parte, se revisa la educación en Costa Rica durante el siglo XX por medio de sus métodos y su enfoque. Seguido se desarrolla el enfoque comunicativo del siglo XXI, incluyendo el rol de los docentes y de los estudiantes. Finaliza con una r...
Spremljeno u:
| Glavni autor: | |
|---|---|
| Format: | Tekst |
| Jezik: | Spanish |
| Teme: | |
| Oznake: |
Dodaj oznaku
Bez oznaka, Budi prvi tko označuje ovaj zapis!
|
MARC
| LEADER | 00000 a a2200000 04500 | ||
|---|---|---|---|
| 001 | 48020 | ||
| 003 | cru CIDCACS/IIS | ||
| 005 | 20171104062527.0 | ||
| 008 | 171103b xxu||||| |||| 00| 0 spa d | ||
| 999 | |c 26917 |d 26917 | ||
| 040 | |c cru CIDCACS/IIS | ||
| 100 | |a Marín Arroyo, Edwin | ||
| 245 | |a Educating world citizens for the 21st century / |c Edwin Marín Arroyo | ||
| 520 | |a Aborda el tema de la educación en el siglo XXI. En la primera parte, se revisa la educación en Costa Rica durante el siglo XX por medio de sus métodos y su enfoque. Seguido se desarrolla el enfoque comunicativo del siglo XXI, incluyendo el rol de los docentes y de los estudiantes. Finaliza con una revisión del uso de tecnologías de la información en el proceso educativo. | ||
| 650 | 1 | 0 | |9 944 |a EDUCACION |
| 650 | 0 | 0 | |9 4306 |a ENSEÑANZA |
| 650 | 0 | |9 4507 |a FINES DE LA EDUCACION | |
| 650 | 1 | 0 | |9 3386 |a DOCENTES |
| 650 | 1 | 0 | |9 2805 |a RELACIONES ENTRE DOCENTES Y ALUMNOS |
| 650 | 1 | 0 | |9 298 |a MEDIOS DE ENSEÑANZA |
| 650 | 1 | 0 | |9 1698 |a TECNOLOGIA |
| 773 | |g volumen34, número1, (2013), páginas 47-52 | ||
| 942 | |2 ddc |c PP | ||
